000 00202 a2200097 4500
001 1034
100 _aKemp,P.
245 _aAlternating current wave forms
260 _a
_bChapman
_c
090 _c601
_d601
942 _aNUST-CAE
_cM
_c32501
999 _c236107
_d236107